| 000 | 01496nam a2200325Ia 4500 | ||
|---|---|---|---|
| 999 |
_c4227 _d4227 |
||
| 003 | OSt | ||
| 005 | 20200312150811.0 | ||
| 008 | 191128s2015 ck a ar 000 j spa d | ||
| 020 | _a9789588787510 | ||
| 040 |
_aCO-JMCR _cCO-JMCR |
||
| 041 | 1 |
_aspa _heng |
|
| 082 | 0 | 4 |
_aC / _2LADh |
| 100 | 1 |
_aLaden, Nina, _eautora _91481 |
|
| 245 | 1 | 0 |
_aHabía una vez un recuerdo / _cNina Laden ; ilustrado por Renata Liwska ; traducción al español de Macarena Salas |
| 260 |
_aBogotá : _bMonserrate, _c2015 |
||
| 300 |
_a[34] páginas sin numerar : _bilustraciones a color ; _c29 cm. |
||
| 490 | 0 | _aLeer es mi cuento | |
| 500 | _aEdición especial. Colección para la primera infancia del Ministerio de Cultura. Plan Nacional de Lectura y Escritura. | ||
| 500 | _aTítulo original: Unce upon a memory | ||
| 520 | _aCuando una pluma aparece volando por la ventana de un niño, comienza un viaje fantástico. El niño sigue a la pluma y entra en un mundo lleno de animales adorables donde la fantasía y la realidad se juntan de maneras sorprendentes y juguetonas. | ||
| 521 |
_aRecomendado de 4-6 años _bTapa posterior |
||
| 546 | _aTraducido del inglés | ||
| 650 | 1 | 4 |
_aCuentos infantiles estadounidenses _ySiglo XXI _91482 |
| 650 | 1 | 4 |
_aLibros ilustrados para niños _9180 |
| 650 | 1 | 4 |
_aOsos _xcuentos infantiles _91483 |
| 650 | 1 | 4 |
_aMemoria _xcuentos infantiles _91484 |
| 700 | 1 |
_aLiwska, Renata, _eilustradora _91485 |
|
| 700 | 1 |
_aSalas, Macarena, _etraductora _91486 |
|
| 942 |
_2ddc _cBK |
||